| 000 | 00596cam a2200229 4500 | ||
|---|---|---|---|
| 001 | 4110025 | ||
| 005 | 20180307043320.0 | ||
| 008 | 720512s1972 nyua b 001 0 eng | ||
| 010 | _a 75177443 | ||
| 020 | _a0393093875 | ||
| 040 |
_aDLC _cDLC _dDLC |
||
| 041 | _aeng | ||
| 080 | _a574 KEE | ||
| 082 | 0 | 0 | _a574 KEE |
| 100 | 1 | _a11 | |
| 101 | _aBIO | ||
| 245 | 1 | 0 |
_aBiological science _c[by] William T. Keeton. Illustrated by Paula Di Santo Bensadoun. |
| 350 | _a$11.75 | ||
| 504 | _aIncludes bibliographies. | ||
| 906 |
_a7 _bcbc _corignew _d2 _encip _f19 _gy-gencatlg |
||
| 942 |
_2ddc _cBK |
||
| 999 |
_c44269 _d44269 |
||